Last 10 EU Capitals Alphabetically - Statistics

General Stats
  • This quiz has been taken 37 times
  • The average score is 9 of 10
Answer Stats
Answer % Correct
Warsaw
100%
Vienna
94%
Stockholm
92%
Zagreb
92%
Riga
86%
Rome
86%
Sofia
86%
Vilnius
86%
Tallinn
78%
Valletta
78%
No matching quizzes found
Score Distribution
Percent of People with Each Score
Percentile by Number Answered
Your Score History
You have not taken this quiz